000 00438pab a2200157 454500
008 180718b2005 xxu||||| |||| 00| 0 eng d
100 _aNagla, Madhu
245 _aObstetrical care decisions among village women in Haryana
260 _c2005
300 _ap.221-32.
362 _aApr-Jun
650 _aWomens health services - India - Haryana
650 _aWomens health services
773 _aEastern Anthropologist
909 _a66177
999 _c66177
_d66177